00456 2200181 4500001002100000008004100021035002000062245003500082100001900117110002000136260003100156300001300187020001800200084001400218082000800232650001500240990001900255INLIS000000000001149 ind  a0010-0724001149 aBeternak DombacRahmat Rukmana aRahmat Rukmana aRukmana, Rahmat aSemarangbAneka Ilmuc2008 a106 hlm. a979-736-689-8 a636 RAH b a636 aPeternakan aP29/CP/24/1149